| 000 | 01053nam0a22002411i 4500 | ||
|---|---|---|---|
| 001 | rc\3578907 | ||
| 005 | 20240723224038.0 | ||
| 021 |
_aRU _b[71-16712а] |
||
| 035 | _a(NLR Aleph) 007696074 | ||
| 090 |
_a6693947 _c6693947 |
||
| 100 | _a20130115d1971 |||y0rusy50 ca | ||
| 101 | 0 | _arus | |
| 102 | _aRU | ||
| 105 | _ay d ||||| | ||
| 200 | 1 |
_aАдсорбция (адгезия) микроорганизмов _e(Влияние характера взаимодействующих поверхностей и определение силы адгезии) _eАвтореф. дис. на соискание учен. степени канд. биол. наук _e(096) _f[Моск. гос. ун-т им. М.В. Ломоносова] |
|
| 210 |
_aМосква _cИзд-во Моск. ун-та _d1971 |
||
| 215 |
_a19 с. _cграф. |
||
| 532 | 1 | 3 | _aАдсорбция адгезия микроорганизмов |
| 700 | 1 |
_aПерцовская _bА.Ф. |
|
| 801 | 0 |
_aRU _bNLR _gpsbo |
|
| 801 | 1 |
_aRU _bELAR _2rusmarc |
|
| 852 |
_aNLR _j72-6/827 |
||
| 942 | _cBOOK | ||